| Tag |
First Indicator |
Second Indicator |
Subfields |
| LEADER |
00000cas a2200000 a 4500 |
| 001 |
in00000932521 |
| 005 |
20150924210617.0 |
| 007 |
hd afu|||buuu |
| 008 |
810508c196u9999oh ar n a 0uuu 0eng d |
| 035 |
|
|
|a (OCoLC)07401725
|
| 035 |
|
|
|9 AER1930AM
|
| 040 |
|
|
|a AKR
|c AKR
|d OCL
|d UtOrBLW
|
| 049 |
|
|
|a TXAI
|
| 099 |
|
|
|a film
|a N
|a 427
|
| 245 |
0 |
4 |
|a The Cauldron.
|
| 264 |
|
1 |
|a Hartford, Conn. :
|b The Cauldron,
|c between 1960 and 1969.
|
| 300 |
|
|
|a volumes :
|b illustrations
|
| 310 |
|
|
|a Irregular
|
| 336 |
|
|
|a text
|b txt
|2 rdacontent
|
| 337 |
|
|
|a microform
|b h
|2 rdamedia
|
| 338 |
|
|
|a microfilm reel
|b hd
|2 rdacarrier
|
| 533 |
|
|
|a Microfilm.
|b Wooster, Ohio :
|c Bell & Howell Co.,
|d 19--
|e microfilm reels ; 35 mm.
|f (Underground newspaper collection).
|
| 500 |
|
|
|a Microform.
|
| 650 |
|
0 |
|a Underground press publications
|z Connecticut
|z Hartford.
|
| 752 |
|
|
|a United States
|b Connecticut
|d Hartford.
|
| 830 |
|
0 |
|a Underground newspaper collection.
|
| 999 |
|
|
|a MARS
|
| 999 |
f |
f |
|s 7fb2a6fe-9b37-3847-ba96-2e0654854334
|i 183dd39b-98a3-3d6d-bd38-c802c0860177
|t 0
|
| 952 |
f |
f |
|p default
|a Texas A&M University
|b College Station
|c Sterling C. Evans Library
|d Evans: Microforms (3rd floor)
|t 0
|e film N 427 reel 2 no. 7
|h Other scheme
|i microform -- microfilm reel
|
| 998 |
f |
f |
|a film N 427 reel 2 no. 7
|s v.2:no.3 (1967:Oct.10)
|t 0
|l Evans: Microforms (3rd floor)
|